00933nam a2200241 a 4500001001000000003000500010005001700015008004100032010001100073011001100084040000900095100002700104245014500131260004100276500006000317502010300377650002000480650003500500650002200535650003600557700002800593856007000621000116338CHAP20220329144610.0191219s2019 mx a |sm |||||||spa d a112799 a113771 cCHAP1 aVentura Flores, Noemi.10aHuella hidrica de la leche producida en los sistemas campesino y empresarial de Zacatecas, Méxicoh[En línea]cpor Noemi Ventura Flores. aChapingo, Méx. :bEl autor,c2019. aPara ver el contenido del material haga clic en la liga aTesis (Ingeniero en Sistemas Agrícolas) -- UACH. Unidad Regional Universitaria de Zonas Áridas14aLechexCalidad.14aLechexCostos de producción.14aLechexProcesado.14aLechexProducciónzZacatecas.1 aMorales Mendoza, Elias. aFinding aiduhttp://10.13.5.2/tesis/sist116338.pdfzTeclea aquí